000 00300nam a22001337a 4500
008 170308b xxu||||| |||| 00| 0 eng d
020 _a3540100849
041 _aeng
080 _a611
100 _a6
101 _aSHM
245 _aCONGENITAL DEFORMITIES OF THE HAND
_cSICKERT.W.F
942 _2udc
_cBK
999 _c7053
_d7053